000 00345pam a2200157a 44500
008 230515b1994 xxu||||| |||| 00| 0 eng d
020 _aNULL
041 _aENGLISH
082 _aN.D.
100 _aFurniss B.
245 _aPractical Organic Chemistry
250 _a0
260 _aNULL
_bELBS Pub.
_c1994
300 _a1514
650 _aNULL
999 _c575525
_d575525